Statistics for All swap names Skylanders

Click here to take the quiz!

General Stats

  • This quiz has been taken 19 times
  • The average score is 32 of 34

Answer Stats

HintAnswer% Correct
WaterBlade
100%
FireBlast
100%
LifeBomb
100%
AirBoom
100%
WaterBuckler
100%
EarthDoom
100%
LifeDrilla
100%
AirFree
100%
WaterFreeze
100%
LifeGrilla
100%
MagicHoot
100%
AirJet
100%
MagicLoop
100%
UndeadNight
100%
AirRanger
100%
UndeadRattle
100%
TechRise
100%
EarthRouser
100%
EarthRubble
100%
UndeadShake
100%
UndeadShift
100%
TechSpy
100%
LifeStink
100%
EarthStone
100%
WaterWash
100%
FireZone
100%
TechCharge
93%
FireFire
93%
FireKraken
93%
TechMagna
93%
MagicShadow
93%
MagicTrap
93%
BONUS
Beta
Template
36%
BONUS
Beta
Template
36%

Score Distribution

Percentile by Number Answered

Percent of People with Each Score

Your Score History

You have not taken this quiz